| 000 | 00419nam a2200157 i 4500 | ||
|---|---|---|---|
| 001 | 142617 | ||
| 003 | ES-MaACL | ||
| 005 | 20230906200556.0 | ||
| 007 | t| | ||
| 008 | 071009s1933 it ||||1| ita d | ||
| 245 | 0 | 0 | _aViaggi di studio ed esplorazioni. |
| 260 |
_aRoma : _bReale Academia d'Italia, _c1933. |
||
| 300 |
_a75 p. ; _c25 cm. |
||
| 710 | 2 |
_aReale Accademia d'Italia. _96406 |
|
| 852 |
_aES-MaACL _j1769-F-14 |
||
| 999 |
_c142617 _d142617 |
||